| 000 | 00495nam a2200157 a 4500 | ||
|---|---|---|---|
| 001 | 000032878 | ||
| 005 | 20200930065904.0 | ||
| 008 | 110801s1945 dr c 000 0 spa d | ||
| 040 |
_aDO-SdBNP _bspa _cBNPHU |
||
| 082 |
_axxx _bI12a |
||
| 100 | 1 |
_aIbarra de Victoria, Maria _926820 |
|
| 245 | 1 | 0 |
_aAlma en penumbra / _cMaría Ibarra de Victoria. |
| 260 |
_aCiudad Trujillo, República Dominicana : _bPol Hermanos, _c1945. |
||
| 300 |
_a109 p. : _bretr. ; _c18 cm. |
||
| 590 | _aInventariado, 2019 / DG | ||
| 999 |
_c32369 _d32369 |
||